Central Library OPAC University of Rajshahi

Albert Maltz / (Record no. 62708)

MARC details
000 -LEADER
fixed length control field 00779nam a2200253 a 4500
001 - CONTROL NUMBER
control field 62708
003 - CONTROL NUMBER IDENTIFIER
rucl marc code BD-RjUL
005 - DATE AND TIME OF LATEST TRANSACTION
control field 20211209081120.0
008 - FIXED-LENGTH DATA ELEMENTS--GENERAL INFORMATION
fixed length control field 780215s1978 maua b 001 0 eng d
020 ## - INTERNATIONAL STANDARD BOOK NUMBER
International Standard Book Number 0805772286
035 ## - SYSTEM CONTROL NUMBER
System control number (BD-RjUL)62835
040 ## - CATALOGING SOURCE
Original cataloging agency DLC
Transcribing agency DLC
Modifying agency BD-RjUL
Language of cataloging eng
041 ## - LANGUAGE CODE
Language code of text/sound track or separate title eng
082 00 - DEWEY DECIMAL CLASSIFICATION NUMBER
Classification number 818.5209
Edition number 23
Author mark and year SAA 1978
100 1# - MAIN ENTRY--PERSONAL NAME
Personal name Salzman, Jack.
9 (RLIN) 186391
245 00 - TITLE STATEMENT
Title Albert Maltz /
Statement of responsibility, etc. by Jack Salzman.
260 ## - PUBLICATION, DISTRIBUTION, ETC. (IMPRINT)
Place of publication, distribution, etc. Boston :
Name of publisher, distributor, etc. Twayne Publishers,
Date of publication, distribution, etc. c1978.
300 ## - PHYSICAL DESCRIPTION
Pagination 160 p. :
Illustrations ill. ;
Size 21 cm.
490 0# - SERIES STATEMENT
Series statement Twayne's United States authors series ; TUSAS 311
504 ## - BIBLIOGRAPHY, ETC. NOTE
Bibliography, etc Includes Bibliography: (p. 153-157) and index.
600 10 - SUBJECT ADDED ENTRY--PERSONAL NAME
Personal name Maltz, Albert,
Dates associated with a name 1908-1985
General subdivision Criticism and interpretation.
942 ## - ADDED ENTRY ELEMENTS (KOHA)
Source of classification or shelving scheme Dewey Decimal Classification
Koha item type Books
Holdings
Lost status Source of classification or shelving scheme Damaged status Not for loan Collection code Permanent Location Current Location Shelving location Date acquired Source of acquisition Total Checkouts Full call number Date last seen Copy number Koha item type
  Dewey Decimal Classification   Not For Loan Non-fiction Central Library, University of Rajshahi Central Library, University of Rajshahi Reading Room 11/09/1985 Asia foundation   818.5209 SAA 1978 25/01/2017 C-1 Books